书目信息 |
| 题名: |
黑色花园
|
|
| 作者: | 布莱特 著 ;桂叶晨 译 | |
| 分册: | ||
| 出版信息: | 贵阳 贵州人民出版社 2011.01 |
|
| 页数: | 289页 | |
| 开本: | 21cm | |
| 丛书名: | ||
| 单 册: | ||
| 中图分类: | I712.45 | |
| 科图分类: | ||
| 主题词: | 长篇小说--chang pian xiao shuo--美国--现代 | |
| 电子资源: | ||
| ISBN: | 978-7-221-09065-2 | |
| 000 | 01168nam0 2200277 450 | |
| 001 | 012011225087 | |
| 005 | 20111028100426.26 | |
| 010 | @a978-7-221-09065-2@dCNY25.00 | |
| 100 | @a20111028d2011 em y0chiy0120 ea | |
| 101 | 1 | @achi@ceng |
| 102 | @aCN@b520000 | |
| 105 | @ay z 000ay | |
| 106 | @ar | |
| 200 | 1 | @a黑色花园@Ahei se hua yuan@d= The black garden@f(美) 乔·布莱特著@F(mei)qiao·bu lai te zhu@g桂叶晨译@Ggui ye chen yi@zeng |
| 210 | @a贵阳@c贵州人民出版社@d2011.01 | |
| 215 | @a289页@d21cm | |
| 304 | @a题名页英文题名误题为 : The black garde | |
| 330 | @a来自波士顿的年轻大学生接受了一份小乡镇的暑期工作,为老人乔治·欧布莱思和他的孙女坎黛丝清理房屋和花园里堆积的垃圾。但是这个任务可没有他开始想象中的简单,因为他逐渐发现了埋在黑色花园中的一些可怕的线索,并且他发现自己被卷入到两位雇主的神秘生活之中。他能够解开小镇居民的敌意背后的秘密吗? | |
| 333 | @a小说爱好者 | |
| 500 | 10 | @aBlack garden@mChinese |
| 606 | 0 | @a长篇小说@Achang pian xiao shuo@y美国@z现代 |
| 690 | @aI712.45@v4 | |
| 701 | 1 | @a布莱特@Abu lai te@g(Bright, Joe)@4著 |
| 702 | 0 | @a桂叶晨@Agui ye chen@4译 |
| 801 | 0 | @aCN@bQSSK@c20111028 |
| 905 | @b794730-32@dI712.45@eB983@f3 | |
| 黑色花园= The black garden/(美) 乔·布莱特著/桂叶晨译.-贵阳:贵州人民出版社,2011.01 |
| 289页;21cm |
| 使用对象:小说爱好者 |
| ISBN 978-7-221-09065-2:CNY25.00 |
| 来自波士顿的年轻大学生接受了一份小乡镇的暑期工作,为老人乔治·欧布莱思和他的孙女坎黛丝清理房屋和花园里堆积的垃圾。但是这个任务可没有他开始想象中的简单,因为他逐渐发现了埋在黑色花园中的一些可怕的线索,并且他发现自己被卷入到两位雇主的神秘生活之中。他能够解开小镇居民的敌意背后的秘密吗? |
| ● |
| 相关链接 |
|
|
|
正题名:黑色花园
索取号:I712.45/B983
 
预约/预借
| 序号 | 登录号 | 条形码 | 馆藏地/架位号 | 状态 | 备注 |
| 1 | 794730 | 207947301 | 文学库116/116文学库 26排4列1层/ [索取号:I712.45/B983] | 在馆 | |
| 2 | 794731 | 207947310 | 社科二线400B/400B社科库 13排3列5层/ [索取号:I712.45/B983] | 在馆 | |
| 3 | 794732 | 207947329 | 社科二线400B/400B社科库 13排3列5层/ [索取号:I712.45/B983] | 在馆 |